| 000 | 00479nam a22002297a 4500 | ||
|---|---|---|---|
| 003 | UA-OsUOA | ||
| 001 | 35478 | ||
| 007 | ta | ||
| 008 | 20051202b un ||||| |||| 00| 0 ukr d | ||
| 942 | _cMG | ||
| 040 |
_aUA-OsUOA _bukr _cUA-OsUOA _dUA-OsUOA |
||
| 245 |
_aпрррррррррр _bьььььььь _cьто |
||
| 300 | _a121 с. | ||
| 955 | _a0 | ||
| 041 | _aukr | ||
| 260 | _c2005 | ||
| 246 | 3 | 1 |
_a2 _n |
| 310 | _aєж | ||
| 044 | _aUA | ||
| 250 | _nдщ | ||
| 650 | 7 | _2UDC | |
| 999 |
_c321839 _d321839 |
||